000 00404nam a2200181Ia 4500
001 21139
005 20260306172857.0
008 260306t2007||||xx |||||||||||||| ||spa||
041 _aESP
082 _a344C4
_bC73 2007
100 _aRevilla Llaza, Percy Enrique
_eAUT
245 0 _aCódigo penal
260 _c2007
300 _a
_c
650 _aGEN
654 _aCDE
942 _cLIB
_dJUS
_fJUS
_2ddc
_n
999 _c21139
_d21139